Eigenmarken - Statistiken

Allgemein
  • Dieses Quiz wurde 1.243 mal gespielt
  • Das Durchschnittsergebnis liegt bei 7 aus 12
Antwortstatistiken
Bildquiz Antwort % Korrekt
Kaufland
99%
Rewe
95%
Edeka
90%
dm
75%
Aldi
71%
Lidl
70%
Rossmann
64%
Netto
42%
Fressnapf
36%
Real
30%
Schlecker
24%
Müller
20%
Keine übereinstimmenden Quizze gefunden
Verteilung der Resultate
Anzahl Personen mit jedem Resultat
Perzentil nach korrekt beantworteten Fragen
Ihre Resultats-Entwicklung
Sie haben dieses Quiz noch nicht gespielt